| 000 | 01184cad a22002535a 4500 | ||
|---|---|---|---|
| 001 | L157504 | ||
| 008 | 130104s2012 xxk f 000 0 eng d | ||
| 020 | _a9781842198438 | ||
| 035 | _a(Sirsi) u157504 | ||
| 041 | 0 | _aeng | |
| 110 | 2 |
_aRoyal Institution of Chartered Surveyors _94900 |
|
| 245 | 0 | 0 |
_aCapital and rental valuation of fuel stations _bRICS Information Paper _h[electronic resource] |
| 250 | _a2nd ed. | ||
| 260 |
_aLondon _bRICS _c2012 |
||
| 490 | 0 |
_aRICS Information Paper _v34/2012 |
|
| 520 | _aDeals with the application of "RICS Guidance Note 2: Valuation of individual trade related properties in RICS Valuation Professional Standards 2012" in relation to the valuation of fuel stations, including fuel stations allied to convenience stores (c-stores) or part of more complex properties. | ||
| 590 | _aKA | ||
| 650 | 2 | 4 | _aRICS VALUATION STANDARDS |
| 651 | 4 |
_aUnited Kingdom _y |
|
| 690 |
_aValuation _96273 |
||
| 690 |
_aCommercial property _96227 |
||
| 856 | 4 | 0 |
_uhttps://www.rics.org/Global/Capital_and_rental_valuation_of_fuel_stations_2nd_edition_PGguidance_2012.pdf _zMembers can view the item free of charge from the www.rics.org website. |
| 942 | _n0 | ||
| 999 |
_c114805 _d114805 |
||